Vidas de los doce Césares
Tallennettuna:
| Päätekijä: | |
|---|---|
| Aineistotyyppi: | Kirja |
| Kieli: | espanja |
| Julkaistu: |
Barcelona
Océano
2000
|
| Sarja: | Biblioteca Universal
|
| Aiheet: | |
| Tagit: |
Lisää tagi
Ei tageja, Lisää ensimmäinen tagi!
|
MARC
| LEADER | 00000nam a2200000 a 4500 | ||
|---|---|---|---|
| 001 | UCM5422 | ||
| 003 | CL-VaPUC | ||
| 008 | 021011e20000000SP |||||||||||||||||spa|d | ||
| 082 | 0 | 4 | |a 937.06 |b SUE |2 21 |
| 100 | 0 | |a Suetonio |e author |9 471634 | |
| 245 | 1 | 0 | |a Vidas de los doce Césares |
| 300 | |a 375 p | ||
| 942 | |c BK | ||
| 945 | |d 20021011 00:00:00 |a vberengu | ||
| 260 | |a Barcelona |b Océano |c 2000 | ||
| 650 | 0 | |a Historia romana |9 322973 | |
| 650 | 0 | |a Imperio Romano |9 322785 | |
| 650 | 0 | |a Emperadores romanos |9 314054 | |
| 650 | 0 | |a Biografías |9 255210 | |
| 583 | |a last modification |c 20021011 00:00:00 |k Rodrigo Vera | ||
| 490 | 0 | |a Biblioteca Universal | |
| 999 | |c 301488 |d 301486 | ||
| 952 | |0 0 |1 0 |4 0 |6 937_060000000000000_SUE_2000 |7 0 |8 A |9 360510 |a BIBHIS |b BIBHIS |d 2019-11-21 |i 3845532 |o 937.06 SUE 2000 |p 3845532 |r 2023-01-25 |w 2019-11-21 |y BK |k HIS | ||
| 952 | |0 0 |1 0 |4 0 |6 937_060000000000000_SUE_2000 |7 0 |8 A |9 360511 |a BIBHIS |b BIBHIS |d 2019-11-21 |i 3845540 |l 1 |o 937.06 SUE 2000 |p 3845540 |r 2023-11-13 |s 2023-11-13 |w 2019-11-21 |y BK |k HIS | ||